| 000 | 02046nam a22003377a 4500 | ||
|---|---|---|---|
| 003 | DO-SdBNP | ||
| 005 | 20240528191003.0 | ||
| 007 | ta | ||
| 008 | 210913e2006 a|||| |||| 001 0 spa d | ||
| 040 |
_aDO-SdBNP _bspa _cBNPHU |
||
| 082 | 4 |
_a339.46 _bI43s, 2006 _222 |
|
| 245 | 0 | 0 |
_aInforme sobre la pobreza en la República Dominicana : _blogrando un crecimiento económico que beneficie a los pobres . |
| 246 | 0 | 0 |
_aDominican Republic poverty assessment : achieving more pro-poor growth _iEspañol |
| 260 |
_aSanto Domingo : _bBanco Mundial : Banco Interamericano de Desarrollo, _c2006. |
||
| 300 |
_a310 p.: _bil.; _c28 cm. |
||
| 500 | _aDocumento del Banco Mundial y del Banco Interamericano de Desarrollo. | ||
| 500 | _aIncluye índice de contenido. | ||
| 500 | _aIncluye anexos. | ||
| 501 | _aCon foto de la portada: "De Guachupita al Cielo", Oleo sobre tela 1979. 24 x 24. Autor; Gilberto Hernández Ortega. Colección Museo Bellapart Rep. Dom. | ||
| 505 | 0 |
_aResumen Ejecutivo. _tIntroducción -- _t1. Crecimiento económico, pobreza y desiguadad -- _t2. Factores determinantes de la pobreza y la desigualdad -- _t3. Oportunidades de empleo en mercados laborales urbano y rural -- _t4. Rendimiento por encima del esperado y resultados insuficientes en educación -- _t5. Asistencia social, Pobreza y Equidad -- _t6. Impacto Distributivo de la Reforma Fiscal ( Del ITBIS) -- _tBibliografía -- |
|
| 590 | _aInventariado, 2021 / SA | ||
| 650 | 4 |
_92079 _aPobreza _zRepública Dominicana |
|
| 651 | 4 |
_aRepública Dominicana _xCondiciones económicas _y1961- _97344 |
|
| 651 | 4 |
_aRepública Dominicana _xCondiciones económicas _9281 |
|
| 651 | 4 |
_aRepública Dominicana _xPolítica económica _9643 |
|
| 710 | 2 |
_aBanco Mundial _932071 |
|
| 710 | 2 |
_aBanco Mundial _932071 |
|
| 710 | 2 |
_aBanco Interamericano de Desarrollo _99655 |
|
| 910 | _aSaquino /Validado. Control de calidad MFF | ||
| 942 |
_2ddc _cLBS1 |
||
| 999 |
_c50481 _d50481 |
||